Madhyakālīna Rājasthāna kā itihāsa. (Record no. 73495)

MARC details
000 -LEADER
fixed length control field 00789cam a22002531 4500
001 - CONTROL NUMBER
control field sa 67002873
003 - CONTROL NUMBER IDENTIFIER
control field DLC
005 - DATE AND TIME OF LATEST TRANSACTION
control field 20260227112334.0
008 - FIXED-LENGTH DATA ELEMENTS--GENERAL INFORMATION
fixed length control field 890919s1966 ii ab b 000 0 hino
010 ## - LIBRARY OF CONGRESS CONTROL NUMBER
LC control number sa 67002873
035 ## - SYSTEM CONTROL NUMBER
System control number (OCoLC)20366175
040 ## - CATALOGING SOURCE
Original cataloging agency DLC
Transcribing agency WaU
Modifying agency DLC
042 ## - AUTHENTICATION CODE
Authentication code premarc
043 ## - GEOGRAPHIC AREA CODE
Geographic area code a-ii---
050 00 - LIBRARY OF CONGRESS CALL NUMBER
Classification number DS485.R2
Item number B5
100 1# - MAIN ENTRY--PERSONAL NAME
Personal name Bhargava, Visheshwar Sarup,
Dates associated with a name 1930-
245 10 - TITLE STATEMENT
Title Madhyakālīna Rājasthāna kā itihāsa.
Remainder of title History of mediaevan Rajasthan from 8th to 18th century,
Statement of responsibility, etc. by V.S. Bhargava.
260 ## - PUBLICATION, DISTRIBUTION, ETC.
Date of publication, distribution, etc. [1966]
300 ## - PHYSICAL DESCRIPTION
Extent xvi, 330 p.
Other physical details illus., map.
Dimensions 23 cm.
500 ## - GENERAL NOTE
General note In Hindi.
504 ## - BIBLIOGRAPHY, ETC. NOTE
Bibliography, etc. note Includes bibliographies.
651 #0 - SUBJECT ADDED ENTRY--GEOGRAPHIC NAME
Geographic name Rajasthan (India)
General subdivision History.
740 0# - ADDED ENTRY--UNCONTROLLED RELATED/ANALYTICAL TITLE
Uncontrolled related/analytical title History of mediaeval Rajasthan from 8th to 18th century.

No items available.

Powered by Koha